000 01195nam a22002417a 4500
999 _c21221
_d21221
003 AR-CdUCM
008 190304b ||||| |||| 00| 0 spa d
040 _aMUNICIPALIDAD PROVINCIAL DEL CUSCO
_cBIBLIOTECA MUNICIPAL DEL CUSCO
082 _a985.61 / D42
_bD42
110 _aDirección Desconcentrada de Cultura de Cusco
_944310
245 _aGuía de zonas sitios parques arqueológicos Cusco /
260 _aCusco :
_bColorgraf,
_c2018.
300 _a145 páginas ;
_bilustraciones,
_c20x12 cm.
500 _aSitios, Zonas y Parques arqueológicos de la provincia del Cusco.
505 _aContenido: Acomayo paisaje arqueológico Waqrapukara -- Sitio arqueológico de Yananpampa -- Sitio arqueológico de Llanquepata -- Anta sitio arqueológico de Andenes de Zurite -- Sitio arqueológico de Killarumiyoq -- Sitio arqueológico de Tarawasi -- Calca zona arqueológica de Ankasmarka -- Zona arqueológica de Huchuy Qosqo -- Parque arqueológico de Pisaq -- Canas ...
650 _aInka
_9630
650 _aArqueologia Incaica
_98553
650 _aInca
_9421
650 _aArqueología del Cusco
_944311
710 _aMinisterio de Cultura
_96146
942 _2ddc
_cLIBROS
945 _aRoel